|
|
|
|
| LEADER |
00000nam0a2200000 4500 |
| 001 |
123446 |
| 005 |
20231031130458.0 |
| 010 |
|
|
|a 5227014701
|
| 035 |
|
|
|a (RuTPU)RU\TPU\book\133624
|
| 090 |
|
|
|a 123446
|
| 100 |
|
|
|a 20071017d2001 m y0rusy50 ca
|
| 101 |
0 |
|
|a rus
|
| 102 |
|
|
|a RU
|
| 105 |
|
|
|a a z 000ay
|
| 200 |
1 |
|
|a Восход Черного Солнца
|e магическая фантастика
|e [роман]
|f Дж. Локхард
|
| 210 |
|
|
|a Москва
|c Центрполиграф
|d 2001
|
| 215 |
|
|
|a 494 с.
|c ил.
|
| 225 |
1 |
|
|a Перекресток Богов
|
| 330 |
|
|
|a Монотонно и скучно протекала в средневековом замке жизнь служанки Ри — разумной ящерицы-вэйты. Однако после того, как Ри узнает тайну местонахождения Пояса Богов — древнего оружия, за которым уже давно охотятся эльфийские маги, некромант Дрэкхан и могущественный колдун Наследник, — серые будни сменяются вихрем головокружительных приключений...
|
| 610 |
1 |
|
|a русская литература
|
| 610 |
1 |
|
|a романы
|
| 610 |
1 |
|
|a фантастика
|
| 610 |
1 |
|
|a магия
|
| 675 |
|
|
|a Р2
|v 3
|
| 700 |
|
1 |
|a Локхард
|b Дж.
|c наст. имя Георгий Эгриселашвили
|g Джордж
|
| 801 |
|
1 |
|a RU
|b 63413507
|c 20071017
|g PSBO
|
| 801 |
|
2 |
|a RU
|b 63413507
|c 20071025
|g PSBO
|
| 942 |
|
|
|c BK
|